Sports Quiz

Random Sports or College Quiz

NFL & NCAA Chain Game Quiz Stats

 Plays Quiz not verified by Sporcle

Challenge
Share
Tweet
Embed
Score 0/20 Timer 06:00
0 Plays Today
Question Answer % Correct
????
100%
????
94.6%
????
90.3%
????
82.4%
????
77.6%
????
68.8%
????
61.1%
????
59%
????
56.7%
????
56.7%
Question Answer % Correct
????
51%
????
49.7%
????
49.6%
????
48.7%
????
46.9%
????
46.6%
????
46%
????
45.7%
????
45.1%
????
44.4%

You're not logged in!

Compare scores with friends on all Sporcle quizzes.
OR
Log In

You Might Also Like...

Show Comments

Extras

Top Quizzes Today


Score Distribution

Your Account Isn't Verified!

In order to create a playlist on Sporcle, you need to verify the email address you used during registration. Go to your Sporcle Settings to finish the process.

Report this User

Report this user for behavior that violates our Community Guidelines.

Details: